书目信息 |
| 题名: |
心理司马
|
|
| 作者: | 陈禹安 著 | |
| 分册: | ||
| 出版信息: | 南昌 二十一世纪出版社集团 2015.08 |
|
| 页数: | 325页 | |
| 开本: | 24cm | |
| 丛书名: | 心理三国·逆境三部曲 | |
| 单 册: | ||
| 中图分类: | K827=361 | |
| 科图分类: | ||
| 主题词: | 政治人物--zheng zhi ren wu--人物研究--中国--魏国 | |
| 电子资源: | ||
| ISBN: | 978-7-5568-0686-7 | |
| 000 | 01299nam 2200301 450 | |
| 001 | 0100195302 | |
| 005 | 20201116115252.58 | |
| 010 | @a978-7-5568-0686-7@dCNY38.00 | |
| 100 | @a20151030d2015 em y0chiy50 ea | |
| 101 | 0 | @achi |
| 102 | @aCN@b360000 | |
| 105 | @ay z 000yd | |
| 106 | @ar | |
| 200 | 1 | @a 心理司马@Axin li si ma@f陈禹安著@Fchen yu an zhu |
| 210 | @a南昌@c二十一世纪出版社集团@d2015.08 | |
| 215 | @a325页@d24cm | |
| 225 | 2 | @a心理三国·逆境三部曲@Axin li san guo · ni jing san bu qu@v3 |
| 306 | @a由香港中和出版有限公司授权出版 | |
| 330 | @a本书运用社会心理学, 分析了司马懿的心理蜕变过程。董卓和曹操曾在他心中投下恐怖的阴影, 求生的本能改变了他对残忍的理解 ; 他想施展抱负却遭冷待, 转而在暗中揣摩出权力的秘密。逆境重重的世界, 让他付出比常人更多的忍耐, 也磨砺了果决和残忍的性格。他从一个单纯的儒家信徒, 最终蜕变为心机深沉似海的乱世赢家。在权力无处不在的世界, 司马懿的心战之路, 给身处逆境的人带来后来居上的强大力量。 | |
| 410 | 0 | @12001 @a心理三国·逆境三部曲@v3 |
| 540 | @a心理司马 | |
| 600 | 0 | @a司马懿,@Asi ma yi@f179-251@x人物研究 |
| 606 | 0 | @a政治人物@Azheng zhi ren wu@x人物研究@y中国@z魏国 |
| 690 | @aK827=361@v5 | |
| 701 | 0 | @a陈禹安@Achen yu an@c(心理学)@4著 |
| 801 | @aCN | |
| 901 | @a18 | |
| 905 | @eC630@dK827=361@a河南城建学院图书馆@b1275304-6@f3 | |
| 心理司马/陈禹安著.-南昌:二十一世纪出版社集团,2015.08 |
| 325页;24cm.-(心理三国·逆境三部曲;3) |
| ISBN 978-7-5568-0686-7:CNY38.00 |
| 本书运用社会心理学, 分析了司马懿的心理蜕变过程。董卓和曹操曾在他心中投下恐怖的阴影, 求生的本能改变了他对残忍的理解 ; 他想施展抱负却遭冷待, 转而在暗中揣摩出权力的秘密。逆境重重的世界, 让他付出比常人更多的忍耐, 也磨砺了果决和残忍的性格。他从一个单纯的儒家信徒, 最终蜕变为心机深沉似海的乱世赢家。在权力无处不在的世界, 司马懿的心战之路, 给身处逆境的人带来后来居上的强大力量。 |
| ● |
| 相关链接 |
|
|
|
正题名: 心理司马
索取号:K827=361/C630
 
预约/预借
| 序号 | 登录号 | 条形码 | 馆藏地/架位号 | 状态 | 备注 |
| 1 | 1275304 | 212753046 | 社科二线400B/400B社科库 32排2列1层/ [索取号:K827=361/C630] | 在馆 | |
| 2 | 1275305 | 212753053 | 社科库309/309社科库 58排1列1层/ [索取号:K827=361/C630] | 在馆 | |
| 3 | 1275306 | 212753060 | 社科库309/309社科库 58排1列1层/ [索取号:K827=361/C630] | 在馆 |